000 00939nam a2200301Ia 4500
008 181129s9999 xx 000 0 und d
020 _a9789715698467
050 _bR696 2016
100 _aRodriguez, Carl Matthew
245 4 _aThe world, my world, in my eyes /
245 0 _cby Carl Matthew Rodriguez ; edited by Nina Macaraig-Gamboa ; illustrated by Ingrid Camille G. Tan.
260 _aMakati, Philippines :
260 _bBookmark,
260 _c2016
300 _a16 pages :
300 _bcolor illustrations ;
300 _c25cm.
440 _aModern heroes for the Filipino youth.
650 _aChildren's stories, English.
650 _aManansala, Vicente Silva, 1910-1981.
650 _aPainters --
650 _aPhilippine literature for kids.
650 _xPhilippines -- Biography.
700 _aMacaraig-Gamboa, Nina.
700 _aSeries.
700 _aTan, Ingrid Camille G.
700 _aTitle.
999 _c360195
_d360195